| 000 -LEADER |
| fixed length control field |
01338nam a22001577a 4500 |
| 008 - FIXED-LENGTH DATA ELEMENTS--GENERAL INFORMATION |
| fixed length control field |
220509b ||||| |||| 00| 0 eng d |
| 100 ## - MAIN ENTRY--PERSONAL NAME |
| Personal name |
Wang, Dedong and Liu, Yang |
| 245 ## - TITLE STATEMENT |
| Title |
The effect of political skill on relationship quality in construction projects: The mediating effect of cooperative conflict management styles |
| 260 ## - PUBLICATION, DISTRIBUTION, ETC. (IMPRINT) |
| Place of publication, distribution, etc |
Project Management Journal |
| 300 ## - PHYSICAL DESCRIPTION |
| Extent |
52(6), Dec, 2021: p.563-576 |
| 520 ## - SUMMARY, ETC. |
| Summary, etc |
Negative consequences can arise if interpersonal conflicts in construction projects are not handled properly. This study aims to investigate the relationship among political skill, cooperative conflict management styles, and relationship quality. Multiple regressions were used to test the hypothesis based on 206 items of data collected from construction project practitioners in China. Results demonstrate the mechanism of action among political skill, conflict management styles, and relationship quality and verify the mediating effect of cooperative conflict management styles, providing enlightenment for future research on conflict management. – Reproduced |
| 650 ## - SUBJECT ADDED ENTRY--TOPICAL TERM |
| Topical term or geographic name as entry element |
Political skill, Cooperative conflict management styles, Relationship quality, Social exchange theory, Construction project |
| 9 (RLIN) |
31002 |
| 773 ## - HOST ITEM ENTRY |
| Main entry heading |
Project Management Journal |
| 906 ## - LOCAL DATA ELEMENT F, LDF (RLIN) |
| Subject DIP |
CONFLICT MANAGEMENT |
| 942 ## - ADDED ENTRY ELEMENTS (KOHA) |
| Item type |
Articles |